Preparation of solid catalysts /
Guardado en:
| Otros Autores: | , , |
|---|---|
| Formato: | Libro |
| Idioma: | English |
| Publicado: |
Weinheim :
Wiley-VCH,
c1999.
|
| Materias: | |
| Acceso en línea: | Descripción Tabla de contenido |
| Etiquetas: |
Agregar Etiqueta
Sin Etiquetas, Sea el primero en etiquetar este registro!
|
| LEADER | 01096cam a22002775a 4500 | ||
|---|---|---|---|
| 001 | EIQ.libpla000703 | ||
| 008 | 001006s1999####enkao####b####001#0#eng#d | ||
| 005 | 20071218183516.0 | ||
| 245 | 0 | 0 | |a Preparation of solid catalysts / |c edited by G. Ertl, H. Knözinger, J. Weitkamp. |
| 260 | |a Weinheim : |b Wiley-VCH, |c c1999. | ||
| 300 | |a xvii, 622 p. : |b il., fotos ; |c 25 cm. | ||
| 504 | |a Incluye referencias bibliográficas e índice. | ||
| 020 | |a 3527298266 (acid-free paper) | ||
| 700 | 1 | |a Ertl, G. |q (Gerhard), |e ed. |4 edt | |
| 700 | 1 | |a Knözinger, H., |d 1935-, |e ed. |4 edt | |
| 700 | 1 | |a Weitkamp, J. |q (Jens), |e ed. |4 edt | |
| 082 | 0 | 0 | |a 541.3/95 |2 21 |
| 650 | 4 | |a Catalizadores |x Metales. | |
| 650 | 4 | |a Catalizadores |x Preparación. | |
| 650 | 4 | |a Catalysts |x Metals. | |
| 650 | 4 | |a Catalysts |x Preparation. | |
| 010 | |a 2001316074 | ||
| 040 | |a UKM |c UKM |d OHX |d TXA |d AR-BbSID | ||
| 856 | 4 | 2 | |3 Descripción |u http://www.loc.gov/catdir/description/wiley033/2001316074.html |
| 856 | 4 | 1 | |3 Tabla de contenido |u http://www.loc.gov/catdir/toc/wiley021/2001316074.html |
| 859 | |a AR-BbSID |b BIB. PLAPIQUI |h 541.395 |i P 919 |p 5597 | ||
